El cuerpo secreto /

Guardado en:
Detalles Bibliográficos
Autor principal: Torres, Mariana (autor)
Formato: Libro
Idioma:Español
Publicado: Madrid, España : Páginas de Espuma, 2015, c2015
Colección:(Voces/Literatura ; 222)
Temas:
Etiquetas: Agrega una etiqueta
Sin etiquetas, Sé el primero en etiquetar este registro!

MARC

LEADER 00000nam^a2200000^a^4500
001 000366413
005 20250521000000.0
009 20260310115710.806
020 |a 978-84-8393-187-5 
037 |a Acervo ITESO - Biblioteca 
041 |a ESP 
082 |a 863.  |b TOR 
100 |a Torres, Mariana  |e (autor) 
245 1 3 |a El cuerpo secreto /  |c M. Torres. 
264 4 |a Madrid, España :  |b Páginas de Espuma,  |c 2015, c2015 
300 |a 129 p. 
336 |a texto  |b txt  |2 rdacontenido 
337 |a sin mediación  |b n  |2 rdamedio 
338 |a volumen  |b nc  |2 rdasoporte 
440 1 |a (Voces/Literatura ;  |v 222) 
649 |a XX 
650 |a Cuentos Españoles 
650 |a Literatura Española -  |y Siglo XXI 
650 |a Literatura de Mujeres -  |z España 
910 |a Fondo General 
920 |a Impresos - Libros 
930 |a Colección General 
940 |a Literatura 
905 |a 101 
901 |a 0500260417  |b IT1  |c LIT  |i C148704  |u 20250521 
902 |a https://opac.biblio.iteso.mx/vufind/Record/000366413